| 000 | 00392nam a2200145Ia 4500 | ||
|---|---|---|---|
| 008 | 150201s2010 xx 000 0 und d | ||
| 082 |
_a612.015 _bB2010L |
||
| 100 | _aLAL, HARBANS | ||
| 245 | _aTHE TEXT BOOK OF BIOCHEMISTRY FOR DENTAL STUDENTS | ||
| 250 | _a4TH | ||
| 260 |
_bC.B.S PUBLISHERS & DISTRIBUTERS _aDELHI _c2010 |
||
| 300 | _a1-406 | ||
| 650 | _aBIOCHEMISTRY | ||
| 942 |
_2ddc _cBK _01 |
||
| 999 |
_c4451 _d4451 |
||